000 01262cam a22003014a 4500
001 17180339
005 20170105102850.0
008 120224s2012 mau b 001 0 eng
010 _a 2012006489
020 _a9789004224568 (hardback : alk. paper)
040 _aDLC
_cDLC
_dDLC
042 _apcc
050 0 0 _aHV6431
_b.W4727 2012
082 0 0 _a327.117
_223
100 1 _aWestra, Laura.
245 1 0 _aFaces of state terrorism /
_cby Laura Westra.
260 _aBoston :
_bBrill,
_cc2012.
300 _axvi, 243 p. ;
_c25 cm.
490 0 _aStudies in critical social sciences ;
_v42
504 _aIncludes bibliographical references and index.
505 0 _aTerrorism : a conceptual analysis -- Terrorism and crime -- Terrorism : means and motives, the quest for independence and the limits to self-defense -- State terrorism and economic oppression : the many "faces" of state -- Terrorism -- State responsibility : principles and theory.
650 0 _aState-sponsored terrorism.
650 0 _aTerrorism
_xPolitical aspects.
650 0 _aTerrorism
_xEconomic aspects.
906 _a7
_bcbc
_corignew
_d1
_eecip
_f20
_gy-gencatlg
942 _2ddc
_cBK
999 _c14230
_d14230